000 00302nam a2200121Ia 4500
008 190216s9999||||xx |||||||||||||| ||und||
100 _aMathachan M Lazarus Et And Joseph P A
245 0 _aExperimental Physics
260 _bVidyarthimithram
_c1995
300 _a191p
650 _aPhysics
942 _cBK
999 _c33289
_d33289